Shin Keizai yōgo Wa-Ei jiten = New Japanese-English dictionary of econmic terms /
Saved in:
| Corporate Author: | |
|---|---|
| Format: | Book |
| Language: | Japanese |
| Published: |
Tōkyō :
Tōyō Keizai Shinpōsha,
Shōwa 52 [1977]
|
| Subjects: | |
| Tags: |
Add Tag
No Tags, Be the first to tag this record!
|
| LEADER | 01523nam a2200313 a 4500 | ||
|---|---|---|---|
| 001 | 007743310-6 | ||
| 005 | 20024617115255.0 | ||
| 008 | 880229s1977 ja d 000 0 jpn | ||
| 010 | |a 77814118 | ||
| 035 | 0 | |a ocm17554475 | |
| 040 | |a DLC |c PPiU |d PPiU |d OCoLC |d *YNH* |d CStRLIN | ||
| 041 | 0 | |a jpneng | |
| 050 | 0 | |a HB61 |b .T66 1977 | |
| 110 | 2 | |6 880-01 |a Tōyō Keizai Shinpōsha. |b Orientaru Ekonomisuto Henshūbu. | |
| 245 | 1 | 0 | |6 880-02 |a Shin Keizai yōgo Wa-Ei jiten = |b New Japanese-English dictionary of econmic terms / |c [Tōyō Keizai Shinpōsha] Orientaru Ekonomisuto [Henshūbu] hen. |
| 260 | |6 880-03 |a Tōkyō : |b Tōyō Keizai Shinpōsha, |c Shōwa 52 [1977] | ||
| 300 | |a 501, 79 p. ; |c 20 cm. | ||
| 500 | |6 880-04 |a Edition for 1963 published under title: Keizai yōgo Wa-Ei jiten. | ||
| 650 | 0 | |a Economics |x Dictionaries |x Japanese. | |
| 650 | 0 | |a Japanese language |v Dictionaries |x English. | |
| 740 | 0 | |6 880-05 |a Keizai yōgo Wa-Ei jiten. | |
| 740 | 0 | |a New Japanese-English dictionary of economic terms. | |
| 880 | 2 | |6 110-01 |a 東洋経済新報社. |b オリエンタルエコノミスト編集部. | |
| 880 | 1 | 0 | |6 245-02 |a 新経済用語和英辞典 = |b New Japanese-English dictionary of economic terms / |c [東洋経済新報社]オリエンタルエコノミスト[編集部]編. |
| 880 | |6 260-03 |a 東京 : |b 東洋経済新報社, |c 昭和52 [1977] | ||
| 880 | |6 500-04 |a Edition for 1963 published under title: 経済用語和英辞典. | ||
| 880 | 0 | |6 740-05 |a 経済用語和英辞典. | |
| 988 | |a 20021209 | ||
| 906 | |0 DLC | ||


